| 000 | 00435nam a2200157Ia 4500 | ||
|---|---|---|---|
| 008 | 240729s9999 xx 000 0 und d | ||
| 022 | _a2162-6618 | ||
| 245 | 4 | _aThe Professional Educator | |
| 260 | _aUnited States | ||
| 260 | _bTruman Pierce Institute | ||
| 650 | _a Theory and practice of education | ||
| 650 | _aEducation | ||
| 856 | _uhttps://doaj.org/toc/293757dbc3234176bdb65e203ef6feca | ||
| 942 | _2ddc | ||
| 942 | _cDOAJEJ | ||
| 999 |
_c73566 _d73566 |
||
| 945 |
_a1 _bMadushi Gamage _c1 _dMadushi Gamage |
||